| 000 | 01594naa a22004337a 4500 | ||
|---|---|---|---|
| 001 | BR8105935 | ||
| 003 | BR-BrBNA | ||
| 005 | 20250716171947.0 | ||
| 007 | ta | ||
| 008 | 250630b bl.|||m| |||| 00| 0 por d | ||
| 040 |
_aBR-BrBNA _bpor _cBiblioteca Nacional de Agricultura |
||
| 041 | _a(Pt) | ||
| 072 |
_aF40; K20; P20 _b/G514 |
||
| 090 | _aF40 BR8105935 | ||
| 100 | 1 | _aMileski, E. | |
| 100 | 1 | _aDoi, S. | |
| 100 | 1 | _aFonzar, B.C. | |
| 100 | 1 | _aOliveira Filho, L.C. de | |
| 245 | 1 | _aFolha SC. 22 Tocantins, 4 - vegetacao: as regioes fitoecologicas, sua natureza e seus recursos economicos [Para, Mato Grosso, Goias, Brasil] | |
| 500 | _aFolha SC. 22 Tocantins; geologia, geomorfologia, pedologia, vegetacao e uso potencial da terra Rio de Janeiro, RJ (Brasil): 1981. p. 393-467 [14 illus.; 34 graphs; 25 tables; 41 ref.; Summaries (En, Pt)] (BR8105935-AMS) | ||
| 773 | 0 |
_tFolha SC. 22 Tocantins; geologia, geomorfologia, pedologia, vegetacao e uso potencial da terra _wF40 BR8105935 _gRio de Janeiro, RJ (Brasil), 1981. p. 393-467 |
|
| 650 | _aVEGETACAO | ||
| 650 | _aCLIMA | ||
| 650 | _aBIOGEOGRAFIA | ||
| 650 | _aMAPA | ||
| 650 | _aFOTOINTERPRETACAO | ||
| 650 | _aRECURSO NATURAL | ||
| 650 | _aCERRADO | ||
| 650 | _aFLORESTA | ||
| 650 | _aDISTRIBUICAO GEOGRAFICA | ||
| 650 | _aINVENTARIO FLORESTAL | ||
| 650 | _aPARA | ||
| 650 | _aMATO GROSSO | ||
| 650 | _aGOIAS | ||
| 650 | _aREGIAO DO TOCANTINS | ||
| 490 |
_aLevantamento de Recursos Naturais - Projeto RADAMBRASIL (Brazil) _vv. 22 |
||
| 942 |
_cAMS _2AGRIS |
||
| 909 |
_a202506 _bLúcia _c55 _dLúcia Elande |
||
| 999 |
_c333851 _d333851 |
||